Step by step: microsoft access / (Record no. 62889)
[ view plain ]
| 000 -LEADER | |
|---|---|
| fixed length control field | 00502nam a22001457a 4500 |
| 005 - DATE AND TIME OF LATEST TRANSACTION | |
| control field | 20120215151531.0 |
| 020 ## - INTERNATIONAL STANDARD BOOK NUMBER | |
| International Standard Book Number | 8120319222 |
| Terms of availability | 495.00 |
| 035 ## - SYSTEM CONTROL NUMBER | |
| System control number | B-62768 |
| 245 ## - TITLE STATEMENT | |
| Title | Step by step: microsoft access / |
| 260 ## - PUBLICATION, DISTRIBUTION, ETC. (IMPRINT) | |
| Place of publication, distribution, etc | New Delhi |
| Name of publisher, distributor, etc | Prentic hallof India |
| Date of publication, distribution, etc | 2001 |
| 300 ## - PHYSICAL DESCRIPTION | |
| Extent | xxi, 320p. |
| Dimensions | 23cms |
| 700 ## - ADDED ENTRY--PERSONAL NAME | |
| Personal name | Hutnik, Stephen |
| 9 (RLIN) | 42168 |
| 942 ## - ADDED ENTRY ELEMENTS (KOHA) | |
| Source of classification or shelving scheme | Dewey Decimal Classification |
| Item type | English Books |
| Classification part | 005.754 |
| Call number suffix | MIC |
| Withdrawn status | Lost status | Not for loan | Home library | Current library | Date acquired | Cost, normal purchase price | Full call number | Barcode | Cost, replacement price | Koha item type |
|---|---|---|---|---|---|---|---|---|---|---|
| Sarojini Nagar | Sarojini Nagar | 15/02/2012 | 495.00 | 005.754 MIC | B-62768 | 495.00 | English Books |
